Giáo trình tâm lý học kinh doanh du lịch (Dùng trong các trường THCN Hà Nội)
Gồm vị trí môn học, mục đích, yêu cầu, mô tả, phương pháp dạy và học môn học tâm lý kinh doanh du lịch: một số vấn đề cơ bản của tâm lý học đại cương, các hiện tượng tâm lý xã hội trong du lịch, tâm lý khách du lịch, giao tiếp trong du lịch...
Enregistré dans:
| Auteur principal: | |
|---|---|
| Format: | Livre |
| Langue: | Undetermined |
| Publié: |
Hà Nội
Nhà xuất bản Hà Nội
2007
|
| Sujets: | |
| Tags: |
Ajouter un tag
Pas de tags, Soyez le premier à ajouter un tag!
|
| Thư viện lưu trữ: | Trung tâm Học liệu Trường Đại học Cần Thơ |
|---|
| LEADER | 01112nam a2200217Ia 4500 | ||
|---|---|---|---|
| 001 | CTU_95195 | ||
| 008 | 210402s9999 xx 000 0 und d | ||
| 020 | |c 14500 | ||
| 082 | |a 338.4791 | ||
| 082 | |b H100 | ||
| 100 | |a Trần, Thị Thu Hà | ||
| 245 | 0 | |a Giáo trình tâm lý học kinh doanh du lịch | |
| 245 | 0 | |b (Dùng trong các trường THCN Hà Nội) | |
| 245 | 0 | |c Trần Thị Thu Hà | |
| 260 | |a Hà Nội | ||
| 260 | |b Nhà xuất bản Hà Nội | ||
| 260 | |c 2007 | ||
| 520 | |a Gồm vị trí môn học, mục đích, yêu cầu, mô tả, phương pháp dạy và học môn học tâm lý kinh doanh du lịch: một số vấn đề cơ bản của tâm lý học đại cương, các hiện tượng tâm lý xã hội trong du lịch, tâm lý khách du lịch, giao tiếp trong du lịch, những phẩm chất cần có của nhân viên du lịch.. | ||
| 650 | |a Psychology, applied,Tourist trade,Tâm lý học | ||
| 904 | |i Minh | ||
| 980 | |a Trung tâm Học liệu Trường Đại học Cần Thơ | ||